000 00756nam a2200253Ia 4500
003 OSt
005 20220927105549.0
006 a|||||r|||| 00| 0
007 ta
008 220926b |||||||| |||| 00| 0 eng d
024 _a177127
037 _cReference Collections
040 _aRTL
_cRTL
_beng
041 _2eng
_aeng
082 _a"V2,31p.N85, M5.136-14/GD"
110 _a"INDIA, RAJYA SABHA"
_9373305
245 0 _aparliamentary debates
_b Official report.
260 _aNew
_bDelhi Rajya Sabha Secretariat India
_c1985
300 _a"ii,286p."
_ccm.
490 _v"Vol.136, no.14"
700 _a"INDIA, RAJYA SABHA"
_9373306
942 _h"V2,31p.N85, M5.136-14/GD"
_cCC
999 _c693119
_d693119